| 000 | 00614cam a22001695a 4500 | ||
|---|---|---|---|
| 001 | L155496 | ||
| 008 | 120326s1812 xxk f 000 0 eng d | ||
| 035 | _a(Sirsi) u155496 | ||
| 041 | 0 | _aeng | |
| 245 | 0 | 4 |
_aThe ruinous tendency of auctioneering, and the necessity of restraining it for the benefit of trade _bdemonstrated in a letter to the Right Hon. Lord Bathurst, president to the Board of Trade |
| 260 |
_aLondon _bE. Wilson _c1812 |
||
| 300 |
_a51 p. _c21 cm. |
||
| 583 |
_aCondition reviewed _c20120620 _lcondition level 2 |
||
| 651 | 4 |
_aGreat Britain _y1707- |
|
| 690 |
_aAuctioneering _96218 |
||
| 942 | _n0 | ||
| 999 |
_c113608 _d113608 |
||